000 00807nam a2200241Ia 4500
003 OSt
005 20220927105646.0
006 a|||||r|||| 00| 0
007 ta
008 220926b |||||||| |||| 00| 0 eng d
024 _a196436
037 _cReference Collections
040 _aRTL
_cRTL
_beng
041 _2eng
_aeng
082 _a"Y:4353.2.N08<-M60, J9/Th"
100 _aBhatia B M
_9374023
245 0 _aFamines in India and their effect on administration and economic policy(1860-1908)
260 _c1959
300 _a430p
_ccm.
490 _a"University of delhi, Economics (Deptt. of- Thesis. Thesis, University of delhi, Economics (Deptt. of-"
942 _h"Y:4353.2.N08<-M60, J9/Th"
_cCC
999 _c693715
_d693715